Rural problems in India / (Record no. 70173)

MARC details
000 -LEADER
fixed length control field 00940nam a22002297a 4500
005 - DATE AND TIME OF LATEST TRANSACTION
control field 20120921103921.0
008 - FIXED-LENGTH DATA ELEMENTS--GENERAL INFORMATION
fixed length control field 120921t xxu||||| |||| 00| 0 eng d
010 ## - LCCN (DPL NO)
LC control number ENG-105912
020 ## - INTERNATIONAL STANDARD BOOK NUMBER
International Standard Book Number 9788184553901
Terms of availability 750.00
035 ## - SYSTEM CONTROL NUMBER
System control number EN-89445
037 ## - SOURCE OF ACQUISITION
Source of stock number/acquisition DBAD/PUB
040 ## - CATALOGING SOURCE
Original cataloging agency DPL
Language of cataloging English
082 ## - DEWEY DECIMAL CLASSIFICATION NUMBER
Classification number 307.720954
100 ## - MAIN ENTRY--PERSONAL NAME
9 (RLIN) 52247
Personal name Tripathi, Adarsh Kumar
245 ## - TITLE STATEMENT
Title Rural problems in India /
Statement of responsibility, etc by Adarsh Kumar Tripathi [and] Madhusoodan Tripathi
260 ## - PUBLICATION, DISTRIBUTION, ETC. (IMPRINT)
Place of publication, distribution, etc New Delhi
Name of publisher, distributor, etc Omega Publications
Date of publication, distribution, etc 2012
270 ## - ADDRESS
Address 4378/4B, G-4 JMD House, Murari Lal Street, Ansari Road, Daryaganj
City New Delhi
Postal code 110002
Electronic mail address omega_publications@yahoo.com
300 ## - PHYSICAL DESCRIPTION
Extent 242p.
Dimensions 22cm(Hb)
700 ## - ADDED ENTRY--PERSONAL NAME
Personal name Tripathi, Madhusoodan
9 (RLIN) 52513
942 ## - ADDED ENTRY ELEMENTS (KOHA)
Source of classification or shelving scheme Dewey Decimal Classification
Item type English Books
Classification part 307.720954
Call number suffix TRI
Holdings
Withdrawn status Lost status Source of classification or shelving scheme Damaged status Not for loan Collection code Home library Current library Date acquired Source of acquisition Cost, normal purchase price Total Checkouts Full call number Barcode Date last seen Copy number Cost, replacement price Koha item type
    Dewey Decimal Classification   Not For Loan Non-fiction D.B.Act.Division D.B.Act.Division 21/09/2012 DBAD / PUB 750.00   307.720954 TRI EN-89445 21/09/2012 1 750.00 English Books

© Delhi Public Library
Hit Counter
free hit counter